logo

Bir Sreshtho Munshi Abdur Rouf Library
Jhenaidah Cadet College

কুরঅানের বিশ্বদর্শন : (Record no. 10300)

MARC details
000 -LEADER
fixed length control field 01049nam a2200217 a 4500
001 - CONTROL NUMBER
JCCL Control Number 10300
003 - CONTROL NUMBER IDENTIFIER
JCCL marc code BD-JhCC
005 - DATE AND TIME OF LATEST TRANSACTION
control field 20180423182132.0
008 - FIXED-LENGTH DATA ELEMENTS--GENERAL INFORMATION
fixed length control field 180423s2016 bg |||| |||| 000 0 ben d
035 ## - SYSTEM CONTROL NUMBER
system control number (BD-JhCC)10300
040 ## - CATALOGING SOURCE
Original cataloging agency BD-JhCC
Modifying agency BD-JhCC
041 ## - LANGUAGE CODE
Language code of Book ben
082 ## - DEWEY DECIMAL CLASSIFICATION NUMBER
Author mark and Year ABU 2016
Classification number 297.1226
100 ## - MAIN ENTRY--PERSONAL NAME
Personal name আবুসুলায়মান, আব্দুলহামিদ আহমদ
245 ## - TITLE STATEMENT
Title কুরঅানের বিশ্বদর্শন :
Remainder of title সাংস্কৃতিক সংস্কারের প্রধান অবলম্বন /
Statement of responsibility, etc আব্দুলহামিদ আহমদ আবুসুলায়মান, এম রুহুল আমিন (অনুবাদক)
260 ## - PUBLICATION, DISTRIBUTION, ETC. (IMPRINT)
Place of publication, distribution, etc ঢাকা :
Name of publisher, distributor, etc বাংলাদেশ ইনস্টিটিউট অব ইসলামিক থ্যট (বিআইআইটি),
Date of publication, distribution, etc ২০১৬.
300 ## - PHYSICAL DESCRIPTION
Pagination ২৮ পৃ. :
Dimensions ১৯ সেমি.
650 ## - SUBJECT ADDED ENTRY--TOPICAL TERM
Topical term or geographic name as entry element Al-Quran
700 ## - ADDED ENTRY--PERSONAL NAME
Personal name আমিন, এম রুহুল
942 ## - ADDED ENTRY ELEMENTS (KOHA)
Source of classification or shelving scheme Dewey Decimal Classification
Koha item type Books
Holdings
Source of classification or shelving scheme Damaged status Not for loan Home library Current library Shelving location Date of accession Cost, normal purchase price Total Checkouts Full call number Barcode Date last seen Copy number Koha item type
Dewey Decimal Classification     JCC Rouf Library JCC Rouf Library General Stacks 04/23/2018 50.00   297.1226 ABU 2016 13568 04/23/2018 C-1 Books
Dewey Decimal Classification     JCC Rouf Library JCC Rouf Library General Stacks 04/23/2018 50.00   297.1226 ABU 2016 13567 04/23/2018 C-2 Books

JCC Library | Contacts | JCC Home

Last Update on 23 September 2017
Copyright @ 2017-2020 JCC Rouf Library
Rouf Library, Jhenidah Cadet College (JCC), Bangladesh